书目信息 |
| 题名: |
家庭阅读指导
|
|
| 作者: | 卡伦·华莱士 著 ;顾海成 译 | |
| 分册: | 2 十四级 | |
| 出版信息: | 北京 外语教学与研究出版社 2021.11 |
|
| 页数: | 92页 | |
| 开本: | 20cm | |
| 丛书名: | ||
| 单 册: | ||
| 中图分类: | H319.4 | |
| 科图分类: | ||
| 主题词: | 英语 | |
| 电子资源: | ||
| ISBN: | 978-7-5213-3002-1 | |
| 000 | 00861nam0 2200253 450 | |
| 001 | 2652892664 | |
| 005 | 20260626145246.45 | |
| 010 | @a978-7-5213-3002-1@dCNY75.00(全7册) | |
| 100 | @a20260625d2021 km y0chiy0120 ea | |
| 101 | 0 | @achi |
| 102 | @aCN@b110000 | |
| 200 | 1 | @a家庭阅读指导@AJia Ting Yue Du Zhi Dao@e大猫英语分级阅读@h2@i十四级@f(英)卡伦·华莱士著;顾海成译@F(Ying)Ka Lun·Hua Lai Shi Zhu;Gu Hai Cheng Yi |
| 210 | @a北京@c外语教学与研究出版社@d2021.11 | |
| 215 | @a92页@d20cm | |
| 300 | @a适合初中二、三年级 | |
| 503 | @n河南城建学院图书馆 | |
| 517 | 1 | @a大猫英语分级阅读@ADa Mao Ying Yu Fen Ji Yue Du |
| 517 | 1 | @a十四级@AShi Si Ji |
| 606 | 0 | @a英语 |
| 690 | @aH319.4@v4 | |
| 701 | 0 | @a卡伦·华莱士@AKa Lun·Hua Lai Shi@4著 |
| 702 | 0 | @a顾海成@AGu Hai Cheng@4译 |
| 801 | 0 | @aCN@b河南城建学院图书馆@c20260625 |
| 905 | @dH319.4@eK0605:14:2 | |
| 家庭阅读指导:大猫英语分级阅读.2.十四级/(英)卡伦·华莱士著;顾海成译.-北京:外语教学与研究出版社,2021.11 |
| 92页;20cm |
| 适合初中二、三年级 |
| ISBN 978-7-5213-3002-1:CNY75.00(全7册) |
| ● |
| 相关链接 |
|
|
|
正题名:家庭阅读指导
索取号:H319.4/K0605:14:2
 
预约/预借
| 序号 | 登录号 | 条形码 | 馆藏地/架位号 | 状态 | 备注 |
| 1 | 1557229 | 215572299 | 外国语学院资料室/ [索取号:H319.4/K0605:14:2] | 在馆 |